Statistics for Borussia Dortmund Players 2010-2015

Click here to take the quiz!

General Stats

  • This quiz has been taken 172 times
  • The average score is 26 of 47

Answer Stats

PositionNationalityAnswer% Correct
DFGermanyMats Hummels
97%
FWPolandRobert Lewandowski
94%
GKGermanyRomain Weidenfeller
94%
FWGermanyMarco Reus
92%
FWGabonPierre-Emerick Aubameyang
91%
DFSerbiaNeven Subotic
90%
MFJapanShinji Kagawa
89%
MFPolandJakub Blaszczykowski
88%
FWItalyCiro Immobile
86%
DFPolandLukasz Piszczek
86%
MFGermanyMario Gotze
86%
DFGreeceSokratis Papastathopoulos
86%
MFArmeniaHenrikh Mkhitaryan
83%
DFGermanyMarcel Schmelzer
83%
MFTurkeyNuri Sahin
83%
FWColombiaAdrian Ramos
75%
MFGermanySven Bender
75%
MFGermanyIlkay Gundogan
72%
GKAustraliaMitchell Langerak
71%
FWParaguayLucas Barrios
65%
MFGermanySebastian Kehl
64%
DFBrazilFelipe Santana
63%
MFCroatiaIvan Perisic
63%
FWEgyptMohamed Zidan
61%
DFGermanyErik Durm
59%
DFBrazilDede
57%
MFGermanyKevin Grosskreutz
57%
MFSloveniaKevin Kampl
57%
DFGermanyMatthias Ginter
53%
MFSerbiaMilos Jojic
52%
FWGermanyJulian Schieber
36%
MFBrazilAntonio da Silva
31%
MFGermanyJonas Hofmann
27%
MFGermanyOliver Kirch
27%
DFGermanyPatrick Owomoyela
27%
MFGermanyMoritz Leitner
26%
FWFranceDamien Le Tallec
21%
DFGermanyMarian Sarr
21%
MFGermanyLeonardo Bittencourt
19%
DFGermanyManuel Friedrich
19%
DFGermanyChris Lowe
18%
MFGermanyFlorian Kringe
17%
DFGermanyKoray Gunter
13%
FWGermanyMarvin Ducksch
12%
FWGermanyMarco Stiepermann
10%
MFGermanyMarkus Feulner
9%
MFHungaryBalint Bajner
8%

Score Distribution

Percentile by Number Answered

Percent of People with Each Score

Your Score History

You have not taken this quiz